[Event "Challenge"]
[Site "http://www.queenalice.com/game.php?id=1455691"]
[Date "2016.12.20"]
[Round "-"]
[White "AlekinePb"]
[Black "MarcosGeraldo"]
[Result "1/2-1/2"]
[WhiteElo "2039"]
[BlackElo "2080"]

1. d4 d5 2. Nf3 Nf6 3. Bf4 e6 4. e3 c5 5. Bb5+ Bd7 6. Bxd7+ Nbxd7 7. O-O cxd4 8.
exd4 Be7 9. c3 O-O 10. Nbd2 Nb6 11. Ne5 Rc8 12. Ndf3 Nc4 13. Qb3 Qb6 14. Bg5 Qc7
15. Nxc4 dxc4 16. Qd1 Nd5 17. Bxe7 Qxe7 18. Qe2 Qf6 19. Qe5 Qxe5 20. Nxe5 a6 21.
a4 b6 22. Nf3 Rc7 23. Nd2 Nf4 24. Rfe1 Nd3 25. Reb1 e5 26. Nf3 Re8 27. dxe5 Nxe5
28. Nxe5 Rxe5 29. Re1 Rce7 30. Rxe5 Rxe5 31. Kf1 Kf8 32. b4 Rd5 33. Ke2 Ke7
1/2-1/2

[Event "Challenge"]
[Site "http://www.queenalice.com/game.php?id=1455692"]
[Date "2016.12.20"]
[Round "-"]
[White "MarcosGeraldo"]
[Black "AlekinePb"]
[Result "1-0"]
[WhiteElo "2064"]
[BlackElo "2055"]

1. d4 Nf6 2. c4 e5 3. dxe5 Ng4 4. e4 Nxe5 5. f4 Ng6 6. Nf3 Bb4+ 7. Bd2 Qe7 8.
Be2 Bxd2+ 9. Qxd2 Qxe4 10. g3 d6 11. O-O O-O 12. Nc3 Qe8 13. Nd4 Nc6 14. Rae1
Nxd4 15. Qxd4 Qc6 16. f5 Ne5 17. Nd5 Re8 18. f6 Ng6 19. fxg7 Re5 20. Bd3 Bh3 21.
Rxe5 dxe5 22. Qf2 Bxf1 23. Bxg6 Qxc4 24. Qxf7# 1-0

[Event "AUTO-OPEN-3628"]
[Site "http://www.queenalice.com/game.php?id=1465996"]
[Date "2017.2.22"]
[Round "2"]
[White "Bruscato"]
[Black "MarcosGeraldo"]
[Result "0-1"]
[WhiteElo "1988"]
[BlackElo "2060"]

1. e4 e5 2. f4 exf4 3. Nf3 d6 4. d4 g5 5. Bc4 g4 6. O-O gxf3 7. Qxf3 Qf6 8. c3
Bh6 9. e5 dxe5 10. dxe5 Qb6+ 11. Kh1 Be6 12. Bxe6 Qxe6 13. Qxb7 Qc6 14. Qc8+ Ke7
15. b3 Nd7 16. Ba3+ Ke6 0-1

[Event "AUTO-OPEN-3628"]
[Site "http://www.queenalice.com/game.php?id=1465997"]
[Date "2017.2.22"]
[Round "2"]
[White "MarcosGeraldo"]
[Black "Bruscato"]
[Result "1-0"]
[WhiteElo "2089"]
[BlackElo "1933"]

1. d4 c5 2. d5 e5 3. e4 d6 4. Nc3 Nf6 5. Bd3 Be7 6. Nge2 O-O 7. O-O Nbd7 8. f4
exf4 9. Nxf4 Re8 10. Nh5 Nxh5 11. Qxh5 g6 12. Qf3 Ne5 13. Qf4 Rf8 14. Be2 f6 15.
Be3 Bd7 16. Qg3 Rf7 17. h4 Qb6 18. Rab1 Bf8 19. h5 g5 20. b4 Qc7 21. bxc5 dxc5
22. Bxg5 fxg5 23. Rxf7 Kxf7 24. Rf1+ Ke8 25. Qxg5 Nf7 26. Qf6 Bc8 27. Bb5+ 1-0

[Event "AUTO-OPEN-3628"]
[Site "http://www.queenalice.com/game.php?id=1466002"]
[Date "2017.2.22"]
[Round "2"]
[White "MarcosGeraldo"]
[Black "uschmidi"]
[Result "1-0"]
[WhiteElo "2099"]
[BlackElo "2089"]

1. d4 d5 2. c4 e6 3. Nc3 Nf6 4. Bg5 Be7 5. e3 h6 6. Bh4 O-O 7. Nf3 b6 8. Be2 Bb7
9. O-O dxc4 10. Bxc4 Ne4 11. Bxe7 Qxe7 12. Rc1 Qb4 13. Nxe4 Bxe4 14. Nd2 Bb7 15.
Bb3 Qe7 16. Qg4 Nc6 17. Bd1 Rad8 18. Nb3 Nb4 19. a3 Nd3 20. Rc2 e5 21. Be2 e4
22. Bxd3 exd3 23. Rc3 Ba6 24. Rd1 Rd5 25. Rc6 Rg5 26. Qf4 Bb7 27. h4 Rxg2+ 28.
Kxg2 Bxc6+ 29. Kh2 Ba4 30. Rxd3 Qd7 31. Nc1 Bb5 32. Rd2 Qc6 33. Ne2 Re8 34. d5
Qc5 35. Nc3 Bd7 36. Rd4 c6 37. Rc4 Qa5 38. Ra4 Qc5 39. Rxa7 Rd8 40. Qc7 Qe7 41.
Kg3 cxd5 42. Nxd5 Qe8 43. Nxb6 Be6 44. Qxd8 Qxd8 45. Ra8 Qxa8 46. Nxa8 Kf8 47.
Nb6 Ke7 48. Na4 Kd6 49. Nc3 Kc5 50. Ne2 Kc4 51. Nd4 Bd5 52. Nf5 Kb3 53. Nxg7
Kxb2 54. Nf5 Kxa3 55. Nxh6 Kb4 56. Kf4 1-0

[Event "AUTO-OPEN-3628"]
[Site "http://www.queenalice.com/game.php?id=1466003"]
[Date "2017.2.22"]
[Round "2"]
[White "uschmidi"]
[Black "MarcosGeraldo"]
[Result "0-1"]
[WhiteElo "2074"]
[BlackElo "2073"]

1. d4 d5 2. c4 Nf6 3. e3 e6 4. Nc3 c6 5. Nf3 Bd6 6. Bd3 O-O 7. O-O Nbd7 8. b3 e5
9. dxe5 Nxe5 10. Bb2 Bg4 11. Be2 Bxf3 12. Bxf3 dxc4 13. bxc4 Nxc4 14. Qc2 Nxb2
15. Rab1 Nc4 16. Rxb7 Qc8 17. Rfb1 Nb6 18. R7xb6 axb6 19. Rxb6 Ra6 20. Na4 Rxb6
21. Nxb6 Qc7 22. Qxc6 Qxc6 23. Bxc6 Rb8 0-1

[Event "AUTO-MASTER-2591"]
[Site "http://www.queenalice.com/game.php?id=1477314"]
[Date "2017.5.8"]
[Round "1"]
[White "carver"]
[Black "MarcosGeraldo"]
[Result "1/2-1/2"]
[WhiteElo "2107"]
[BlackElo "2153"]

1. d4 d5 2. c4 Nf6 3. Nc3 c6 4. a3 e6 5. c5 Nbd7 6. b4 e5 7. Bg5 Be7 8. e3 Ng8
9. Bxe7 Nxe7 10. g3 O-O 11. Bg2 f5 12. dxe5 Nxe5 13. Nf3 N7g6 14. O-O Nxf3+ 15.
Bxf3 Qg5 16. Kh1 Bd7 17. Ne2 Rae8 18. Bg2 Bc8 19. Nd4 a6 20. Nf3 Qh6 21. Qb3 Ne5
22. Nxe5 Rxe5 23. Rad1 g5 24. Rd4 Qf6 25. Qd1 g4 26. h4 gxh3 27. Bxh3 Rf7 28.
Rh4 Rg7 29. Kh2 Bd7 30. Rh1 Re4 31. Rxe4 fxe4 32. Kg1 Be8 33. Qd4 Qxd4 34. exd4
Bd7 35. Bxd7 Rxd7 36. Rh5 Kg7 37. Re5 Kf7 1/2-1/2

[Event "AUTO-MASTER-2591"]
[Site "http://www.queenalice.com/game.php?id=1477315"]
[Date "2017.5.8"]
[Round "1"]
[White "MarcosGeraldo"]
[Black "carver"]
[Result "1-0"]
[WhiteElo "2111"]
[BlackElo "2117"]

1. d4 d5 2. c4 e6 3. Nc3 Bb4 4. Nf3 Bxc3+ 5. bxc3 dxc4 6. Qa4+ Nc6 7. e4 Bd7 8.
Qxc4 Nf6 9. Bd3 O-O 10. Bg5 Ne7 11. Bxf6 gxf6 12. Qc5 Ng6 13. Qh5 Kh8 14. e5 f5
15. Ng5 1-0

[Event "AUTO-MASTER-2591"]
[Site "http://www.queenalice.com/game.php?id=1477332"]
[Date "2017.5.8"]
[Round "1"]
[White "miltonlovisk"]
[Black "MarcosGeraldo"]
[Result "0-1"]
[WhiteElo "1997"]
[BlackElo "2139"]

1. e4 e5 2. Nf3 Nc6 3. a3 Nf6 4. Nc3 Bc5 5. h3 d6 6. Bc4 Be6 7. Bxe6 fxe6 8. d3
h6 9. g4 Qd7 10. Nh4 O-O-O 11. Be3 g5 12. Ng2 Nd4 13. Ne2 Nf3+ 14. Kf1 Bxe3 15.
Nxe3 Qf7 16. Ng1 Nxg1 17. Kxg1 Rdf8 18. Rh2 h5 19. f3 Ng8 20. Kg2 hxg4 21. Nxg4
Ne7 22. Qe2 Ng6 23. Rf1 Nf4+ 0-1

[Event "AUTO-MASTER-2591"]
[Site "http://www.queenalice.com/game.php?id=1477333"]
[Date "2017.5.8"]
[Round "1"]
[White "MarcosGeraldo"]
[Black "miltonlovisk"]
[Result "1-0"]
[WhiteElo "2123"]
[BlackElo "2012"]

1. d4 d5 2. c4 dxc4 3. Nf3 b5 4. a4 c6 5. axb5 cxb5 6. Nc3 Bd7 7. g3 Qb6 8. Bg2
Bc6 9. Be3 Qb7 10. d5 Bd7 11. Ne5 f6 12. Nxd7 Nxd7 13. O-O Nb8 14. d6 Nc6 15.
Qd5 Rc8 16. Rxa7 1-0

[Event "AUTO-MASTER-2591"]
[Site "http://www.queenalice.com/game.php?id=1492903"]
[Date "2017.9.4"]
[Round "2"]
[White "bobjgirl"]
[Black "MarcosGeraldo"]
[Result "1-0"]
[WhiteElo "2370"]
[BlackElo "2150"]

1. d4 d5 2. c4 Nf6 3. cxd5 Nxd5 4. e4 Nb6 5. Nc3 e6 6. Nf3 Be7 7. Bd3 O-O 8. O-O
N8d7 9. Re1 Nf6 10. Bg5 h6 11. Bh4 Nh7 12. Bg3 Bb4 13. Qc2 Bxc3 14. bxc3 Nf6 15.
Rad1 Bd7 16. Qe2 Ne8 17. e5 f5 18. exf6 Nxf6 19. Ne5 Nbd5 20. Nxd7 Qxd7 21.
Qxe6+ Qxe6 22. Rxe6 Nxc3 23. Rc1 Nfd5 24. Bc4 Kh7 25. Bd3+ Kg8 26. Be5 Rae8 27.
Rg6 Re7 28. Bc4 Kh7 29. Rg3 b5 30. Bd3+ 1-0

[Event "AUTO-MASTER-2591"]
[Site "http://www.queenalice.com/game.php?id=1492904"]
[Date "2017.9.4"]
[Round "2"]
[White "MarcosGeraldo"]
[Black "bobjgirl"]
[Result "0-1"]
[WhiteElo "2145"]
[BlackElo "2375"]

1. d4 d5 2. c4 dxc4 3. Nf3 Nf6 4. e3 e6 5. Bxc4 a6 6. O-O c5 7. a4 Nbd7 8. b3 b6
9. Bb2 Bb7 10. Nbd2 Qb8 11. Ne5 Nxe5 12. dxe5 Nd7 13. f4 Be7 14. Qg4 O-O 15.
Bxe6 fxe6 16. Qxe6+ Rf7 17. Qxd7 Bc8 18. Qd3 Qb7 19. e4 Bg4 20. Qc3 Rd8 21. f5
Bg5 22. e6 Re7 23. Rf2 Bh5 24. Re1 Be8 25. Nf3 Bh6 26. g4 Bf4 27. f6 Rxe6 28.
f7+ Qxf7 29. Ng5 Be5 30. Rxf7 Bxc3 0-1

[Event "AUTO-MASTER-2591"]
[Site "http://www.queenalice.com/game.php?id=1492905"]
[Date "2017.9.4"]
[Round "2"]
[White "MSchatz"]
[Black "MarcosGeraldo"]
[Result "1/2-1/2"]
[WhiteElo "2170"]
[BlackElo "2107"]

1. e4 e5 2. Nc3 Nf6 3. Bc4 Nc6 4. d3 Bb4 5. Bd2 O-O 6. Nf3 d6 7. h3 Be6 8. Bb3
h6 9. Qc1 Nh7 10. Ne2 Bxd2+ 11. Qxd2 Bxb3 12. cxb3 f5 13. Ng3 fxe4 14. dxe4 Nf6
15. O-O Qe8 16. Rac1 Qf7 17. Qe3 Nh5 18. Nxh5 Qxh5 19. b4 Rf7 20. Qb3 Rf8 21. b5
Nd4 22. Nxd4 exd4 23. Rxc7 Kh8 24. Rxf7 Rxf7 25. Rc1 Qg6 26. Qd5 Qf6 27. Rc8+
Kh7 28. f3 Re7 29. Rc4 d3 30. Qxd3 Qxb2 31. e5+ g6 32. Qxd6 Rg7 33. a4 1/2-1/2

[Event "AUTO-MASTER-2591"]
[Site "http://www.queenalice.com/game.php?id=1492906"]
[Date "2017.9.4"]
[Round "2"]
[White "MarcosGeraldo"]
[Black "MSchatz"]
[Result "1/2-1/2"]
[WhiteElo "2109"]
[BlackElo "2168"]

1. d4 d5 2. c4 e6 3. Nc3 Nf6 4. Nf3 Be7 5. Bg5 O-O 6. e3 Nbd7 7. Qc2 h6 8. Bh4
b6 9. cxd5 exd5 10. Be2 Bb7 11. O-O Ne4 12. Bxe7 Qxe7 13. Rac1 Rac8 14. Nb5 a6
15. Na7 Ra8 16. Nc6 Qd6 17. Nfe5 Nxe5 18. Nxe5 Rac8 19. Nc6 Rfe8 20. a3 g6 21.
Nb4 a5 22. Nc6 h5 23. Na7 Ra8 24. Nb5 Qe7 25. Qxc7 Rac8 26. Qxb6 Rxc1 27. Rxc1
Bc8 28. Qc7 Qh4 29. Qf4 Qe7 30. Nc7 Rd8 31. Nxd5 Rxd5 32. Rxc8+ Kg7 33. Rc7 Qe8
34. Rb7 Rf5 35. Qc7 Rxf2 36. Bf3 Rxf3 37. gxf3 Ng5 38. Qe5+ Qxe5 39. dxe5 Nxf3+
40. Kg2 Nxe5 1/2-1/2

[Event "AUTO-OPEN-3628"]
[Site "http://www.queenalice.com/game.php?id=1498889"]
[Date "2017.10.14"]
[Round "3"]
[White "MarcosGeraldo"]
[Black "Albator007"]
[Result "0-1"]
[WhiteElo "2108"]
[BlackElo "2514"]

1. d4 Nf6 2. c4 g6 3. Nc3 Bg7 4. e4 d6 5. Nf3 O-O 6. h3 e5 7. d5 Nh5 8. Bd3 Nf4
9. Bxf4 exf4 10. Qd2 Qf6 11. O-O-O a6 12. h4 h5 13. Ne2 Bg4 14. Nh2 Bxe2 15.
Bxe2 Nd7 16. g4 fxg3 17. fxg3 Nc5 0-1

[Event "AUTO-OPEN-3628"]
[Site "http://www.queenalice.com/game.php?id=1498890"]
[Date "2017.10.14"]
[Round "3"]
[White "Albator007"]
[Black "MarcosGeraldo"]
[Result "1-0"]
[WhiteElo "2513"]
[BlackElo "2109"]

1. e4 e5 2. Nf3 Nc6 3. Bc4 Bc5 4. O-O Nf6 5. d3 d6 6. c3 O-O 7. Re1 Be6 8. Bb3
h6 9. h3 Bb6 10. Nbd2 Nh5 11. Nc4 Nf4 12. Bxf4 exf4 13. a4 Ne7 14. a5 Bxc4 15.
Bxc4 Bc5 16. d4 d5 17. Bb3 dxe4 18. dxc5 1-0

[Event "Challenge"]
[Site "http://www.queenalice.com/game.php?id=1525890"]
[Date "2018.5.3"]
[Round "-"]
[White "dnptrs"]
[Black "MarcosGeraldo"]
[Result "1/2-1/2"]
[WhiteElo "2137"]
[BlackElo "2111"]

1. d4 d5 2. Nf3 Nc6 3. g3 g6 4. Bg2 Bg7 5. O-O Nf6 6. Nbd2 O-O 7. c4 dxc4 8.
Nxc4 Be6 9. Qd3 Bd5 10. Ncd2 Bxf3 11. Nxf3 e6 12. e4 Re8 13. a3 Ng4 14. h3 Nge5
15. Nxe5 Bxe5 16. d5 exd5 17. exd5 Ne7 18. Bd2 c6 19. Rfe1 Nxd5 20. Bh6 Bg7 21.
Rxe8+ Qxe8 22. Bxg7 Kxg7 23. Bxd5 cxd5 24. Qxd5 b6 25. Qb7 Qc8 26. Qg2 Rb8
1/2-1/2

[Event "Challenge"]
[Site "http://www.queenalice.com/game.php?id=1525891"]
[Date "2018.5.3"]
[Round "-"]
[White "MarcosGeraldo"]
[Black "dnptrs"]
[Result "1-0"]
[WhiteElo "2112"]
[BlackElo "2117"]

1. d4 Nf6 2. Nf3 e6 3. Bg5 d5 4. e3 Be7 5. c4 O-O 6. Nc3 c6 7. Bd3 dxc4 8. Bxc4
Nd5 9. Bxe7 Qxe7 10. O-O b6 11. Rc1 Bb7 12. Nxd5 exd5 13. Be2 Nd7 14. Qa4 Qd6
15. b4 b5 16. Qb3 Nb6 17. Rc2 Rae8 18. Ne5 Nc4 19. Nd3 Bc8 20. a4 a6 21. axb5
axb5 22. Ra1 f5 23. Ra7 Qf6 24. Nf4 g5 25. Nh5 Qh6 26. Rc7 f4 27. Ng7 fxe3 28.
f3 Rf7 29. Nxe8 Rxc7 30. Nxc7 Qd6 31. Nxb5 cxb5 32. Bxc4 1-0